[Event "GRE-chT 44th"]
[Site "Achaia"]
[Date "2016.07.05"]
[Round "1.4"]
[White "Zawadzka, Jolanta"]
[Black "Vafiadou, Asimenia"]
[Result "1-0"]
[WhiteElo "2440"]
[BlackElo "1710"]
[PlyCount "105"]
[EventDate "2016.07.05"]
[EventType "team-swiss"]
[EventRounds "7"]
[EventCountry "GRE"]
[SourceTitle "CBM 173 Extra"]
[Source "ChessBase"]
[SourceDate "2016.08.29"]
[SourceVersion "1"]
[SourceVersionDate "2016.08.29"]
[SourceQuality "1"]
[WhiteTeam "Thessaloniki HS"]
[BlackTeam "Chania Kaissa"]
[WhiteTeamCountry "GRE"]
[BlackTeamCountry "GRE"]

1. e4 d5 2. exd5 Qxd5 3. Nc3 Qd6 4. d4 Nf6 5. Nf3 c6 6. Ne5 Nbd7 7. Nc4 Qc7 8. Qf3 Nb6 9. Bf4 Qd8 10. Be5 Nbd5 11. h3 Nxc3 12. Qxc3 Bf5 13. Be2 e6 14. 0-0 Be7 15. Qb3 Qd7 16. Rad1 0-0 17. Bh2 Rfd8 18. Ne5 Qc8 19. g4 Be4 20. f3 Bg6 21. h4 h6 22. Nxg6 fxg6 23. Rfe1 Bd6 24. Bxd6 Rxd6 25. Qe3 Qf8 26. c4 Re8 27. Bd3 Qf7 28. Bc2 Rd7 29. Qf4 Rde7 30. Re3 Rd8 31. Qe5 Rf8 32. Qg3 Rd8 33. Kg2 Red7 34. Qe5 Re7 35. b4 a6 36. a4 Rf8 37. Qg3 Nd7 38. Bb3 Qf6 39. Kh3 g5 40. h5 g6 41. hxg6 Qxg6 42. Qd6 Qf6 43. d5 h5 44. gxh5 Qf5+ 45. Kg2 Qf4 46. Qxf4 gxf4 47. Rxe6 Rxe6 48. dxe6 Nf6 49. c5 Kg7 50. Kf2 Re8 51. Rg1+ Kh7 52. Rg5 Ng8 53. Rf5 1-0

[Event "GRE-chT 41st"]
[Site "Achaia"]
[Date "2013.07.03"]
[Round "3.6"]
[White "Vafiadou, Asimenia"]
[Black "Papageorgiou, Fotini"]
[Result "1-0"]
[WhiteElo "1686"]
[BlackElo "1391"]
[PlyCount "127"]
[EventDate "2013.07.02"]
[EventType "team-swiss"]
[EventRounds "7"]
[EventCountry "GRE"]
[SourceTitle "CBM 155 Extra"]
[Source "ChessBase"]
[SourceDate "2013.08.26"]
[SourceVersion "1"]
[SourceVersionDate "2013.08.26"]
[SourceQuality "1"]
[WhiteTeam "Triandrias PG"]
[BlackTeam "Glifadas Zenon"]
[WhiteTeamCountry "GRE"]
[BlackTeamCountry "GRE"]

1. d4 Nf6 2. Nf3 e6 3. Bg5 h6 4. Bh4 b6 5. c3 Bb7 6. Nbd2 Be7 7. e3 d6 8. Qc2 Nbd7 9. e4 c5 10. Bd3 Qc7 11. Rc1 Rc8 12. Qd1 0-0 13. 0-0 Rfe8 14. Re1 Qd8 15. Nc4 d5 16. exd5 Nxd5 17. Bg3 Nb8 18. Nce5 Nc6 19. Nxc6 Bxc6 20. Ne5 Bg5 21. Rc2 Bb7 22. dxc5 Rxc5 23. a3 Bf6 24. Qe2 Bxe5 25. Bxe5 Nf6 26. Bb5 Rf8 27. Rd2 Rd5 28. Red1 Qc8 29. Bxf6 gxf6 30. Rxd5 exd5 31. Rd3 Qe6 32. Rg3+ Kh8 33. Qd2 f5 34. Bd7 Qf6 35. Bxf5 Rg8 36. Rxg8+ Kxg8 37. Bg4 Kg7 38. Bf3 Qe5 39. c4 Qg5 40. Qxg5+ hxg5 41. Bxd5 Bxd5 42. cxd5 Kf6 43. d6 Ke6 44. d7 Kxd7 45. g3 g4 46. h4 gxh3 47. Kh2 Ke6 48. Kxh3 Kf5 49. f3 b5 50. Kg2 Ke5 51. Kf2 Kd4 52. g4 a5 53. f4 b4 54. axb4 axb4 55. g5 Ke4 56. Kg3 Kf5 57. Kf3 Ke6 58. Ke4 b3 59. f5+ Ke7 60. Ke5 Kf8 61. Kf6 Kg8 62. Ke7 Kg7 63. f6+ Kg6 64. Kf8 1-0

[Event "GRE-chT 39th"]
[Site "Eretria"]
[Date "2011.07.06"]
[Round "5.3"]
[White "Vafiadou, Asimenia"]
[Black "Terzidaki, Alexandra"]
[Result "1/2-1/2"]
[WhiteElo "1641"]
[BlackElo "1938"]
[PlyCount "68"]
[EventDate "2011.07.03"]
[EventType "team-swiss"]
[EventRounds "7"]
[EventCountry "GRE"]
[SourceTitle "CBM 143 Extra"]
[Source "ChessBase"]
[SourceDate "2011.08.29"]
[SourceVersion "1"]
[SourceVersionDate "2011.08.29"]
[SourceQuality "1"]
[WhiteTeam "Triandrias"]
[BlackTeam "Panionios"]
[WhiteTeamCountry "GRE"]
[BlackTeamCountry "GRE"]

1. d4 e6 2. c4 Nf6 3. Nc3 Bb4 4. Bg5 h6 5. Bh4 Nc6 6. Nf3 g5 7. Bg3 Ne4 8. Qd3 d5 9. a3 Nxg3 10. hxg3 Bf8 11. e3 dxc4 12. Qxc4 Bg7 13. Rd1 0-0 14. Be2 Bd7 15. 0-0 Qe7 16. b4 a6 17. Ne4 Rfd8 18. Nc5 Rab8 19. Rc1 Na7 20. Nxd7 Rxd7 21. Rfd1 Nc6 22. Ne1 e5 23. d5 Na7 24. Bg4 Rdd8 25. e4 c6 26. dxc6 Nxc6 27. Nc2 Nd4 28. Ne3 a5 29. Nd5 Qf8 30. Qc7 axb4 31. axb4 Kh8 32. Ne7 Bf6 33. Nd5 Bg7 34. Ne7 Bf6 1/2-1/2

[Event "GRE-ch U16 Girls"]
[Site "Eretria"]
[Date "2011.06.28"]
[Round "4.5"]
[White "Kipraki, Nikoleta"]
[Black "Vafiadou, Asimenia"]
[Result "1-0"]
[WhiteElo "1648"]
[BlackElo "1653"]
[PlyCount "143"]
[EventDate "2011.06.25"]
[EventType "swiss"]
[EventRounds "7"]
[EventCountry "GRE"]
[SourceTitle "EXT 2024"]
[Source "ChessBase"]
[SourceDate "2023.10.10"]
[SourceVersion "1"]
[SourceVersionDate "2023.10.10"]
[SourceQuality "1"]

1. e4 d5 2. exd5 Qxd5 3. Nf3 Bg4 4. Be2 Nf6 5. d4 Nc6 6. c3 e6 7. Nbd2 0-0-0 8. 0-0 h6 9. b3 Be7 10. c4 Qh5 11. Bb2 Bd6 12. Re1 Bxf3 13. Nxf3 Qf5 14. Bd3 Qh5 15. a3 Nd7 16. c5 Bxc5 17. dxc5 Nxc5 18. Re3 f6 19. Qc2 Nxd3 20. Rxd3 Rxd3 21. Qxd3 Rd8 22. Qe3 e5 23. h3 Qg6 24. b4 Rd3 25. Nh4 Rxe3 26. Nxg6 Rb3 27. Ra2 Kd7 28. Kf1 Ke6 29. Nh4 Rd3 30. Ke2 Rd5 31. Nf3 a5 32. bxa5 Nxa5 33. Nd2 Nc6 34. Ra1 Nd4+ 35. Bxd4 exd4 36. Kd3 b5 37. Rb1 Rg5 38. g4 h5 39. Nf3 Rd5 40. Rb4 hxg4 41. hxg4 c6 42. Rxd4 Rc5 43. Kd2 g6 44. Re4+ Kd6 45. Nd4 Rd5 46. Ke3 Re5 47. f4 Rxe4+ 48. Kxe4 Kc5 49. g5 fxg5 50. fxg5 Kd6 51. Nxc6 Kxc6 52. Ke5 Kc5 53. Kf6 Kc4 54. Kxg6 Kb3 55. Kf5 Kxa3 56. g6 b4 57. g7 b3 58. g8Q b2 59. Qa8+ Kb3 60. Qb7+ Kc2 61. Qc6+ Kb3 62. Qb5+ Ka2 63. Qa4+ Kb1 64. Qb3 Ka1 65. Qa3+ Kb1 66. Ke4 Kc2 67. Qd3+ Kc1 68. Qc3+ Kb1 69. Kd3 Ka2 70. Qa5+ Kb3 71. Qb5+ Ka2 72. Ke4 1-0

[Event "GRE-chT Div-A 38th"]
[Site "Peristeri"]
[Date "2010.07.09"]
[Round "5"]
[White "Magklara, Evangelia"]
[Black "Vafiadou, Asimenia"]
[Result "1/2-1/2"]
[WhiteElo "1726"]
[BlackElo "1624"]
[PlyCount "59"]
[EventDate "2010.07.05"]
[EventType "team-swiss"]
[EventRounds "7"]
[EventCountry "GRE"]
[SourceTitle "CBM 137 Extra"]
[Source "ChessBase"]
[SourceDate "2010.09.01"]
[SourceVersion "1"]
[SourceVersionDate "2010.09.01"]
[SourceQuality "1"]

1. e4 Nf6 2. e5 Nd5 3. Nc3 Nxc3 4. dxc3 d6 5. Nf3 Bg4 6. Bf4 Nc6 7. Bb5 e6 8. h3 Bxf3 9. Qxf3 Qd7 10. 0-0-0 0-0-0 11. Be3 Kb8 12. Bxc6 bxc6 13. Qe2 Qc8 14. Qc4 Qb7 15. Qf4 Rd7 16. Qa4 Be7 17. Rd4 d5 18. Rg4 Rg8 19. c4 h5 20. cxd5 exd5 21. Rf4 Rf8 22. Rd1 a6 23. Rc4 Qb5 24. Qxb5+ cxb5 25. Rcd4 c6 26. Bf4 Kb7 27. R4d3 Bc5 28. Be3 Bxe3+ 29. Rxe3 Re8 30. f4 1/2-1/2

[Event "GRE-ch U16 Girls"]
[Site "Kallithea"]
[Date "2010.06.29"]
[Round "4"]
[White "Vafiadou, Asimenia"]
[Black "Fragkou, Eleni"]
[Result "0-1"]
[WhiteElo "1624"]
[BlackElo "1889"]
[PlyCount "114"]
[EventDate "2010.06.26"]
[EventType "swiss"]
[EventRounds "7"]
[EventCountry "GRE"]
[SourceTitle "EXT 2011"]
[Source "ChessBase"]
[SourceDate "2010.11.26"]
[SourceVersion "1"]
[SourceVersionDate "2010.11.26"]
[SourceQuality "1"]

1. d4 Nf6 2. Nf3 e6 3. Bg5 Be7 4. c3 0-0 5. Nbd2 c5 6. e4 cxd4 7. cxd4 d5 8. e5 Ne4 9. Bxe7 Qxe7 10. Bd3 Nxd2 11. Qxd2 b6 12. 0-0 Ba6 13. Rfc1 Bxd3 14. Qxd3 h6 15. Rc2 Qb7 16. Rac1 Na6 17. a3 Rfc8 18. Rc3 b5 19. Rxc8+ Rxc8 20. Rxc8+ Qxc8 21. Qxb5 Qc1+ 22. Qf1 Qc6 23. Qe2 Nc7 24. Qd2 Qb6 25. h3 a5 26. Qc2 Kf8 27. a4 g6 28. Qc5+ Qxc5 29. dxc5 Na6 30. c6 Ke8 31. Nd4 Nb4 32. c7 Kd7 33. Nb5 Nd3 34. b3 Nxe5 35. Kf1 f5 36. Ke2 Nc6 37. f4 Nb4 38. Nd4 Kxc7 39. Nxe6+ Kd6 40. Nd4 Kc5 41. Ne6+ Kd6 42. Nd4 Nc6 43. Kd3 Nxd4 44. Kxd4 h5 45. g3 Kc6 46. h4 Kd6 47. Kc3 Kc5 48. b4+ axb4+ 49. Kc2 Kb6 50. Kb2 Ka5 51. Kb3 d4 52. Kc4 Kxa4 53. Kxd4 b3 54. Ke5 b2 55. Kf6 b1Q 56. Kxg6 Qd3 57. Kxh5 Qxg3 0-1

[Event "GRE-ch U16 Girls"]
[Site "Kallithea"]
[Date "2010.06.26"]
[Round "1"]
[White "Vafiadou, Asimenia"]
[Black "Terzidaki, Alexandra"]
[Result "0-1"]
[WhiteElo "1624"]
[BlackElo "1844"]
[PlyCount "76"]
[EventDate "2010.06.26"]
[EventType "swiss"]
[EventRounds "7"]
[EventCountry "GRE"]
[SourceTitle "EXT 2011"]
[Source "ChessBase"]
[SourceDate "2010.11.26"]
[SourceVersion "1"]
[SourceVersionDate "2010.11.26"]
[SourceQuality "1"]

1. d4 Nf6 2. c4 e6 3. a3 c5 4. d5 exd5 5. cxd5 d6 6. Nc3 g6 7. e4 Bg7 8. Nf3 Bg4 9. Be2 0-0 10. 0-0 Re8 11. Nd2 Bxe2 12. Qxe2 a6 13. a4 Nbd7 14. f4 Nxe4 15. Ncxe4 f5 16. Qd3 fxe4 17. Nxe4 Qc7 18. Kh1 c4 19. Qf3 Nc5 20. Ng5 h6 21. Nh3 Qe7 22. f5 g5 23. Bxg5 hxg5 24. f6 Bxf6 25. Qxf6 Qxf6 26. Rxf6 Re2 27. Rg6+ Kh7 28. Rxg5 Rf8 29. Rg4 Nb3 30. Rd1 b5 31. axb5 axb5 32. Ng5+ Kh6 33. Nf3 Rxb2 34. Re1 Rf6 35. Nd4 Nxd4 36. Rxd4 c3 37. Rc1 c2 38. Rd2 Rb1 0-1

[Event "GRE-ch U14 Girls"]
[Site "Kallithea"]
[Date "2009.06.30"]
[Round "6"]
[White "Vafiadou, Asimenia"]
[Black "Amiridou, Dimitra"]
[Result "1-0"]
[WhiteElo "1593"]
[BlackElo "1539"]
[PlyCount "89"]
[EventDate "2009.06.25"]
[EventType "swiss"]
[EventRounds "9"]
[EventCountry "GRE"]
[SourceTitle "EXT 2011"]
[Source "ChessBase"]
[SourceDate "2010.11.26"]
[SourceVersion "1"]
[SourceVersionDate "2010.11.26"]
[SourceQuality "1"]

1. d4 Nf6 2. c4 g6 3. Nc3 d5 4. cxd5 Nxd5 5. e3 Bg7 6. Bc4 Nxc3 7. bxc3 c5 8. h4 h5 9. Nf3 Bg4 10. Qb3 0-0 11. Ng5 e6 12. f3 Bf5 13. Bb2 Nc6 14. e4 Na5 15. Qa4 Bxe4 16. Nxe4 cxd4 17. cxd4 Qb6 18. Bb3 Rfd8 19. Rd1 Nc6 20. Qc4 Nxd4 21. Bxd4 Bxd4 22. Ke2 Be5 23. Rxd8+ Rxd8 24. Rd1 Rxd1 25. Bxd1 Qb2+ 26. Qc2 Qb5+ 27. Qd3 Qb2+ 28. Qc2 Qb5+ 29. Ke1 Qb4+ 30. Qd2 Qe7 31. g3 Qc7 32. f4 Qc6 33. Bf3 Qc7 34. fxe5 Qxe5 35. Qd8+ Kg7 36. Qd6 Qa1+ 37. Bd1 Qxa2 38. Qd4+ Kf8 39. Qb4+ Kg7 40. Qxb7 Qa5+ 41. Kf2 Qa2+ 42. Be2 a5 43. Nd6 e5 44. Nc4 Qa1 45. Qb2 1-0

[Event "GRE-ch U14 Girls"]
[Site "Kallithea"]
[Date "2008.06.30"]
[Round "4"]
[White "Vatkali, Dimitra"]
[Black "Vafiadou, Asimenia"]
[Result "1/2-1/2"]
[WhiteElo "1806"]
[BlackElo "1655"]
[PlyCount "155"]
[EventDate "2008.06.28"]
[EventType "swiss"]
[EventRounds "9"]
[EventCountry "GRE"]
[SourceTitle "EXT 2010"]
[Source "ChessBase"]
[SourceDate "2010.11.25"]
[SourceVersion "1"]
[SourceVersionDate "2010.11.25"]
[SourceQuality "1"]

1. e4 Nf6 2. e5 Nd5 3. d4 d6 4. c4 Nb6 5. exd6 exd6 6. Bd3 Nc6 7. Ne2 Bg4 8. f3 Bh5 9. Bd2 a5 10. Bc3 Bg6 11. b3 Be7 12. Bxg6 hxg6 13. Nd2 Bh4+ 14. g3 Bf6 15. f4 Qe7 16. Kf2 0-0-0 17. Nf3 g5 18. Qd3 Kb8 19. a3 Rde8 20. Rae1 g4 21. Nd2 Rh5 22. d5 Bxc3 23. Qxc3 Na7 24. Qd3 c6 25. dxc6 Nxc6 26. Nf1 d5 27. Ne3 dxc4 28. bxc4 Qc5 29. Nc1 Rh6 30. Nb3 Qxa3 31. Nc2 Qf8 32. c5 Nc8 33. Rxe8 Qxe8 34. Ne3 Qe6 35. Kg2 Rh8 36. f5 Qf6 37. Nxg4 Qb2+ 38. Nf2 Rd8 39. Qb1 Qxb1 40. Rxb1 a4 41. Nc1 Rd5 42. f6 Rxc5 43. Ncd3 Rf5 44. fxg7 Rg5 45. Ne4 Rxg7 46. Ndc5 f5 47. Nc3 a3 48. Ra1 b6 49. Nb3 Ra7 50. Nb5 Ra4 51. Nxa3 N8a7 52. Nc2 Rxa1 53. Ncxa1 Kc7 54. Kf3 Kd6 55. Kf4 Ke6 56. Nc2 Nb5 57. h3 Ne7 58. Ne3 Kf6 59. Nc4 Ng6+ 60. Ke3 Kg5 61. Nxb6 f4+ 62. gxf4+ Nxf4 63. h4+ Kxh4 64. Kxf4 Nd6 65. Nd5 Nf7 66. Nd4 Nh6 67. Nf6 Nf7 68. Nf5+ Kh3 69. Ne3 Kh2 70. Kg4 Ne5+ 71. Kf5 Nf3 72. Ne4 Nh4+ 73. Kg4 Ng2 74. Nf1+ Kg1 75. Nfg3 Ne3+ 76. Kf3 Nf1 77. Ne2+ Kh2 78. Nf2 1/2-1/2